00780nam a2200217Ia 4500003000900000008004100009020002200050040001600072080001500088100002800103245010500131260004000236300001500276650003000291650002200321650002800343650001900371942000700390999001700397952014800414IN-BaIIA211028s9999 xx 000 0 eng d a978-0-470-69956-0 cIIA Library a524.3bLEB aLeBlanc, Francis934205 3aAn introduction to stellar astrophysicscFrancis LeBlanc  athe AtriumbJohn Wiley & Sonsc2010 axii, 338p. aStellar Atmospheres91135 aStellar evolution aStellar interiors91247 athe Star99677 cBK c17969d17969 00104070aBANbBANcGENd2011-02-05eANJ g10577.00l2o524.3/ LEBp18891r2026-04-01s2026-03-10v10577.00w2011-02-05yBKGRs. 10577.00